|
|
|
|
| LEADER |
00000ny a22000003n 4500 |
| 005 |
20110524122250.0 |
| 008 |
090127s2005 be a sb 000 0 fre c |
| 020 |
|
|
|a 2930287519
|
| 035 |
|
|
|a 2460
|
| 040 |
|
|
|a UMA.RE
|d vLex
|
| 080 |
|
|
|a 331.25(493)(0.034):349.2
|
| 080 |
|
|
|a 349.2:331.25(493)(0.034)
|
| 090 |
|
|
|c 210
|d 210
|
| 100 |
1 |
|
|a Castiaux, Delphine
|
| 245 |
1 |
3 |
|a Le nouveau rǧime des pensions complm̌entaires
|h [Recurso electrn̤ico]
|b aspects sociaux et fiscaux /
|c Delphine Castiaux, Marie-Pierre Donǎ
|
| 256 |
|
|
|a Servicio en ln̕ea
|
| 260 |
|
|
|a Lig̈e :
|b Edipro,
|c 2005
|
| 506 |
1 |
|
|a Contenido solo disponible en los productos indicados
|d vLex Global
|d vLex Global (Academic Edition, excluding Law Schools)
|d vLex Global (U.S. Academic Edition, Law Schools)
|d vLex Global (U.S. Academic Edition, excluding Law Schools)
|d vLex Global (Academic Edition, Law Schools)
|
| 700 |
1 |
|
|a Donǎ, Marie-Pierre
|
| 740 |
0 |
|
|a vLex Libros (Servicios en ln̕ea)
|
| 856 |
4 |
0 |
|z Acceso restringido
|u http://vlex.com/source/nouveau-regime-pensions-complementaires-aspects-sociaux-fiscaux-2460
|
| 942 |
|
|
|c BOOK
|
| 999 |
0 |
4 |
|a Labor laws and legislation
|b Bľgica
|
| 999 |
0 |
4 |
|a Fondos de pensiones
|z Bľgica
|v En ln̕ea
|